Name the Saint #2 - Statistics

General Stats
  • This quiz has been taken 184 times
  • The average score is 9 of 14
Answer Stats
Description Saint % Correct
Beloved disciple St. John
96%
Late 20th Century Pope from Poland Pope St. John Paul II
92%
Nun and missionary in India St. Teresa of Calcutta
90%
Cousin of the Virgin Mary St. Elizabeth
78%
Founder of the Discalced Carmelites St. Teresa of Ávila
77%
Founder of the Dominicans St. Dominic
74%
Franciscan priest; known as patron of lost items St. Anthony of Padua
72%
Presumed former prostitute; witness of Crucifixion St. Mary Magdalene
71%
Martyred in Auschwitz St. Maximilian Kolbe
49%
20th Century Franciscan mystic St. Pio Pietrelcina
44%
Italian Saint; friend of St. Francis St. Clare of Assisi
37%
Biblical translator St. Jerome
37%
Italian mystic and author; Doctor of the Church St. Catherine of Siena
28%
Patroness of musicians St. Cecelia
20%
No matching quizzes found
Score Distribution
Percent of People with Each Score
Percentile by Number Answered
Your Score History
You have not taken this quiz